000 01351nam a2200325 4500
001 0000017798
003 CO-CtgCURN
005 20250408164558.0
007 ta
008 160627s2000 000 0 eng d
020 _a9701027507
040 _aCO-CtgCURN
_bspa
_ccoctgcurn
082 0 _a610.73
_bS56c
100 1 _aSlota, Margareth C.
245 1 0 _aCuidados intensivos de enfermería en el niño /
_cMargaret C. Slota , traducción Rosa Isabel Garza Caligaris.
260 _aMexico :
_bMcGraw Hill-Interamericana,
_c2000.
300 _a802 p.
336 _2rdacontent
337 _2rdamedia
_asin mediacion
_bn
338 _2rdacarrier
_avolumen
_bnc
500 _aIncluye Apendice y indice Alfabetico.
505 8 _aAtencion del niño criticamente enfermo y de su familia.--Aparato respiratorio.--Sistema cardiovascular.--Sistema neurologico.--Sistema renal.--Sistema endocrino.--Sistema gastrointestinal.--Hematología e inmunología.--Problemas que afectan varios sistemas
650 1 4 _aEnfermeria de cuidados.
700 1 _aGarza Caligaris, Rosa Isabel tr.
908 _a160627
942 _cBK
_h610.73
_iS56c
_2ddc
_n0
999 _c21387
_d21387